| 000 | 00335nam a2200121Ia 4500 | ||
|---|---|---|---|
| 008 | 240731s9999 xx 000 0 und d | ||
| 022 | _a1931-5872 | ||
| 245 | 0 | _aJournal of Mental Health Research in Intellectual Disabilities | |
| 260 | _bRoutledge | ||
| 856 | _uhttps://www.tandfonline.com/loi/umid20 | ||
| 942 | _2ddc | ||
| 942 | _cTFEJ | ||
| 999 |
_c77959 _d77959 |
||
| 945 |
_a1 _bMadushi Gamage _c1 _dMadushi Gamage |
||